000 00324pab a2200145 454500
008 180718b1998 xxu||||| |||| 00| 0 eng d
100 _aKashyap, Subhash C.
245 _aA case of review
260 _c1998
300 _ap.12
362 _a9 Sept
650 _aConstitutions
773 _aTimes of India
909 _a39457
999 _c39457
_d39457